| 000 | 00467nab a2200145Ia 4500 | ||
|---|---|---|---|
| 003 | ES-SlBCS | ||
| 005 | 20210601141913.0 | ||
| 008 | 140529s1985 xxu||||| |||| 00| 0 spa d | ||
| 041 | _aspa | ||
| 100 | 1 |
_aSchipperges, Heinrich _9243270 |
|
| 245 | 0 | 0 |
_aAsistencia a los enfermos en la Edad Media cristiana _c Heinrich Schipperges |
| 650 | 0 | 4 |
_aHospitales Medievales _9262388 |
| 773 | 0 |
_tFolia Humanistica _gvol. 23, nº. 274, 1985, págs. 651-658 _wRev1220 |
|
| 942 | _cAR | ||
| 999 |
_c668256 _d668256 |
||